The Builder's price book for 1846 (Record no. 114427)
[ view plain ]
| 000 -LEADER | |
|---|---|
| fixed length control field | 00911cam a22002055a 4500 |
| 001 - CONTROL NUMBER | |
| control field | L156811 |
| 008 - FIXED-LENGTH DATA ELEMENTS--GENERAL INFORMATION | |
| fixed length control field | 120717s1846 xxk f 000 0 eng d |
| 035 ## - SYSTEM CONTROL NUMBER | |
| System control number | (Sirsi) u156811 |
| 041 0# - LANGUAGE CODE | |
| Language code of text/sound track or separate title | eng |
| 100 1# - MAIN ENTRY--PERSONAL NAME | |
| Personal name | Laxton, W. |
| 245 04 - TITLE STATEMENT | |
| Title | The Builder's price book for 1846 |
| Remainder of title | containing upwards of 8,000 prices, carefully corrected from the present price of materials and labour, and 3,000 useful and important memoranda; together with extracts from the paving, and other acts, tables for purchasing leases, estates and annuities, areas and circumferences of circles, scantlings of timber, weights of iron, &c. |
| 250 ## - EDITION STATEMENT | |
| Edition statement | 20th ed. |
| 260 ## - PUBLICATION, DISTRIBUTION, ETC. | |
| Place of publication, distribution, etc. | London |
| Name of publisher, distributor, etc. | The author |
| Date of publication, distribution, etc. | [1846] |
| 300 ## - PHYSICAL DESCRIPTION | |
| Extent | 155, vi, 80 p. |
| Other physical details | ill. |
| Dimensions | 17 cm. |
| 520 ## - SUMMARY, ETC. | |
| Summary, etc. | Contains annotations. |
| 583 0# - ACTION NOTE | |
| Action | Condition reviewed |
| Time/date of action | 20120620 |
| Status | condition level 2 |
| 651 #4 - SUBJECT ADDED ENTRY--GEOGRAPHIC NAME | |
| Geographic name | Great Britain |
| Chronological subdivision | 1707- |
| 690 ## - LOCAL SUBJECT ADDED ENTRY--TOPICAL TERM (OCLC, RLIN) | |
| Topical term or geographic name as entry element | Construction management |
| 9 (RLIN) | 6230 |
| 942 ## - ADDED ENTRY ELEMENTS (KOHA) | |
| Suppress in OPAC | 0 |
| Withdrawn status | Lost status | Damaged status | Not for loan | Home library | Current library | Shelving location | Date acquired | Total Checkouts | Full call number | Barcode | Date last seen | Copy number | Price effective from | Koha item type |
|---|---|---|---|---|---|---|---|---|---|---|---|---|---|---|
| Historic collection | Historic collection | Historic collection | 17/07/2012 | PRICE OCTAVO 1846 LAXTON | 30076946 | 06/08/2019 | 1 | 06/08/2019 | Book |